000
00220nam a22000857a 4500
008
161202b xxu||||| |||| 00| 0 eng d
100
_9
1721
_a
Mathur.S.
245
_a
Home science cookery books
260
_a
NEW DELHI
_b
M.V.
_c
2011
999
_c
4433
_d
4433